|
|
|
|
| LEADER |
01587cmm a2200361 i 4500 |
| 001 |
000049934 |
| 003 |
10109 |
| 005 |
20040322105327.0 |
| 008 |
010426b1998 vm 000 rus |
| 040 |
|
|
|a IRC
|c IRC
|d IRC
|
| 041 |
0 |
|
|a rus
|
| 082 |
1 |
4 |
|a 491.70711
|b PH-H
|
| 100 |
1 |
|
|a Фам Тхи Хонг.
|
| 245 |
0 |
0 |
|a Система упражнений для обучения устной речи студентов - филологов на начальном этапе с точки зрения коммуникативно-индивидуализированного подхода
|h [Thesis-Luận văn] /
|c Испольнитель: Фам Тхи Хонг ; Научный Руководитель : До Динь Тонг.
|
| 246 |
0 |
1 |
|a Hệ thống bài tập dạy khẩu ngữ cho sinh viên chuyên ngữ giai đoạn I theo phương pháp giao tiếp cá thể hóa.
|
| 260 |
|
|
|a Ханой :
|b Ханойский государственный университет Институт иностранных языков,
|c 1998.
|
| 300 |
|
|
|a 95стр. ;
|c 29см.
|
| 630 |
0 |
4 |
|a Giáo dục đại học.
|
| 630 |
0 |
4 |
|a Nga ngữ.
|
| 630 |
0 |
4 |
|a Русский язык.
|
| 630 |
0 |
4 |
|a Обучение.
|
| 650 |
0 |
4 |
|a Русский язык.
|
| 700 |
1 |
|
|a До Динь Тонг,
|e Научный руководитель.
|
| OWN |
|
|
|a DUT
|
| 999 |
|
|
|a From the UDN01
|
| TYP |
|
|
|a Computer file
|
| TYP |
|
|
|a Monograph
|
| 980 |
|
|
|a Mạng thư viện Đại học Đà Nẵng
|